[Event "1st Gujarat GM Open 2018"]
[Site "Ahmedabad"]
[Date "2018.10.07"]
[Round "3"]
[White "Gukesh D"]
[Black "Thanki, Hemal Karsanji"]
[Result "1-0"]
[WhiteElo "2456"]
[BlackElo "2148"]
[Annotator "RC"]
[PlyCount "100"]
[EventDate "2018.10.05"]
[EventType "swiss"]
[EventCountry "IND"]
[SourceTitle "playchess.com"]
[Source "ChessBase"]
[SourceQuality "1"]
[TimeControl "5400+30"]

1. e4 {[%emt 0:00:00]} c5 {[%emt 0:00:28]} 2. Nf3 {[%emt 0:00:00]} Nc6 {[%emt 0:00:05]} 3. d4 {[%emt 0:00:00]} cxd4 {[%emt 0:00:03]} 4. Nxd4 {[%emt 0:00:02]} g6 {[%emt 0:00:04]} 5. Nc3 {[%emt 0:00:25]} Bg7 {[%emt 0:00:07]} 6. Nde2 {[%emt 0:00:51]} Nf6 {[%emt 0:00:16]} 7. g3 {[%emt 0:00:19]} b5 {[%emt 0:02:36]} 8. Bg2 {[%emt 0:01:02]} Rb8 {[%emt 0:00:25]} 9. O-O {[%emt 0:01:19]} O-O {[%emt 0:00:08]} 10. h3 {[%emt 0:03:02]} d6 {[%emt 0:01:08]} 11. Be3 {[%emt 0:08:45]} a5 {[%emt 0:09:08]} 12. a3 {[%emt 0:08:55]} Bd7 {[%emt 0:02:02]} 13. Nd5 {[%emt 0:02:10]} Re8 {[%emt 0:06:32]} 14. f4 {[%emt 0:08:13]} b4 {[%emt 0:01:16]} 15. axb4 {[%emt 0:01:17]} axb4 {[%emt 0:00:08]} 16. Bf2 {[%emt 0:06:25]} Nxd5 {[%emt 0:14:18]} 17. exd5 {[%emt 0:00:09]} Na5 {[%emt 0:00:22]} 18. Nd4 {[%emt 0:01:15]} Nc4 {[%emt 0:17:25]} 19. b3 {[%emt 0:00:49]} Nb6 {[%emt 0:12:13]} 20. Ra7 {[%emt 0:13:07]} Qc8 {[%emt 0:04:25]} 21. Nc6 {[%emt 0:11:40]} Bxc6 {[%emt 0:13:52]} 22. dxc6 {[%emt 0:00:03]} d5 {[%emt 0:00:27]} 23. Bxd5 {[%emt 0:07:10]} Nxd5 {[%emt 0:02:09]} 24. Qxd5 {[%emt 0:00:05]} Qxh3 {[%emt 0:00:36]} 25. Qd7 {[%emt 0:04:42]} Qf5 {[%emt 0:02:39]} 26. Qxf5 {[%emt 0:00:52]} gxf5 {[%emt 0:00:03]} 27. c7 {[%emt 0:00:42]} Rbc8 {[%emt 0:00:39]} 28. Rd1 {[%emt 0:01:21]} e6 {[%emt 0:01:42]} 29. Rd7 {[%emt 0:03:40]} Bf6 {[%emt 0:00:45]} 30. Bc5 {[%emt 0:01:15]} Bc3 {[%emt 0:03:54]} 31. Rb7 {[%emt 0:01:12]} Kg7 {[%emt 0:00:54]} 32. Bxb4 {[%emt 0:00:04]} Bxb4 {[%emt 0:00:11]} 33. Rxb4 {[%emt 0:00:02]} Kf6 {[%emt 0:00:31]} 34. Rbd4 {[%emt 0:11:20]} Re7 {[%emt 0:00:21]} 35. c4 {[%emt 0:00:16]} Rxc7 {[%emt 0:00:11]} 36. Rxc7 {[%emt 0:00:01]} Rxc7 {[%emt 0:00:01]} 37. b4 {[%emt 0:02:01]} Ke7 {[%emt 0:00:05]} 38. c5 {[%emt 0:00:39]} Rd7 {[%emt 0:00:50]} 39. Rc4 {[%emt 0:00:35]} Rd3 {[%emt 0:00:24]} 40. Kf2 {[%emt 0:02:27]} Kd7 {[%emt 0:01:55]} 41. b5 {[%emt 0:00:50]} Rb3 {[%emt 0:00:33]} 42. c6+ {[%emt 0:00:07]} Kc7 {[%emt 0:00:17]} 43. Rc5 {[%emt 0:00:19]} f6 {[%emt 0:03:28]} 44. Ke2 {[%emt 0:01:30]} h5 {[%emt 0:00:47]} 45. Kd2 {[%emt 0:00:41]} Rxg3 {[%emt 0:01:12]} 46. b6+ {[%emt 0:00:36]} Kc8 {[%emt 0:00:48]} 47. Ra5 {[%emt 0:00:35]} Kb8 {[%emt 0:00:25]} 48. c7+ {[%emt 0:00:01]} Kb7 {[%emt 0:00:35]} 49. Ra8 {[%emt 0:00:01]} Rg2+ {[%emt 0:00:32]} 50. Kd3 {[%emt 0:00:07]} Rg3+ {[%emt 0:00:12] Ke4} 1-0

[Event "1st Gujarat GM Open 2018"]
[Site "Ahmedabad"]
[Date "2018.10.07"]
[Round "3"]
[White "Vignesh N R"]
[Black "Deshpande, Aniruddha"]
[Result "1-0"]
[WhiteElo "2447"]
[BlackElo "2213"]
[Annotator "ChessBase"]
[PlyCount "115"]
[EventDate "2018.10.05"]
[EventType "swiss"]
[EventCountry "IND"]
[SourceTitle "playchess.com"]
[Source "ChessBase"]
[SourceQuality "1"]
[TimeControl "5400+30"]

1. e4 {[%emt 0:00:00]} c5 {[%emt 0:06:46]} 2. Nf3 {[%emt 0:03:31]} d6 {[%emt 0:00:14]} 3. d4 {[%emt 0:00:46]} cxd4 {[%emt 0:00:06]} 4. Nxd4 {[%emt 0:00:52]} Nf6 {[%emt 0:00:08]} 5. Nc3 {[%emt 0:00:04]} Nc6 {[%emt 0:00:17]} 6. Bg5 {[%emt 0:06:14]} Bd7 {[%emt 0:04:55]} 7. Qd2 {[%emt 0:06:03]} Rc8 {[%emt 0:01:02]} 8. O-O-O {[%emt 0:00:22]} Nxd4 {[%emt 0:00:29]} 9. Qxd4 {[%emt 0:00:05]} Qa5 {[%emt 0:00:08]} 10. Bd2 {[%emt 0:04:03]} a6 {[%emt 0:04:42]} 11. Kb1 {[%emt 0:04:34]} Qc5 {[%emt 0:02:15]} 12. Qxc5 {[%emt 0:01:04]} Rxc5 {[%emt 0:00:13]} 13. f3 {[%emt 0:01:35]} e6 {[%emt 0:11:40]} 14. Bf4 {[%emt 0:05:38]} Rc6 {[%emt 0:02:33]} 15. g4 {[%emt 0:01:31]} h6 {[%emt 0:06:13]} 16. e5 {[%emt 0:01:52]} dxe5 {[%emt 0:04:15]} 17. Bxe5 {[%emt 0:00:02]} Be7 {[%emt 0:00:40]} 18. Ne2 {[%emt 0:10:24]} Rc5 {[%emt 0:05:32]} 19. Bd4 {[%emt 0:07:56]} Rc8 {[%emt 0:00:44]} 20. Nf4 {[%emt 0:00:02]} Bc6 {[%emt 0:00:48]} 21. Be2 {[%emt 0:00:08]} Rd8 {[%emt 0:03:04]} 22. Be5 {[%emt 0:06:47]} O-O {[%emt 0:04:24]} 23. c4 {[%emt 0:00:04]} Nd7 {[%emt 0:11:07]} 24. Bc3 {[%emt 0:01:44]} Bf6 {[%emt 0:01:31]} 25. Kc2 {[%emt 0:12:13]} Bxc3 {[%emt 0:03:09]} 26. Kxc3 {[%emt 0:00:02]} Ne5 {[%emt 0:00:03]} 27. Rxd8 {[%emt 0:00:29]} Rxd8 {[%emt 0:00:11]} 28. Rf1 {[%emt 0:00:15]} g5 {[%emt 0:09:08]} 29. Nh5 {[%emt 0:00:49]} Ng6 {[%emt 0:08:18]} 30. f4 {[%emt 0:01:31]} Nxf4 {[%emt 0:00:25]} 31. Nxf4 {[%emt 0:00:06]} gxf4 {[%emt 0:00:06]} 32. Rxf4 {[%emt 0:00:02]} Kg7 {[%emt 0:01:34]} 33. Bd3 {[%emt 0:02:53]} e5 {[%emt 0:01:11]} 34. Rf2 {[%emt 0:00:41]} Rd4 {[%emt 0:00:42]} 35. h3 {[%emt 0:00:37]} a5 {[%emt 0:03:13]} 36. b3 {[%emt 0:00:27]} f6 {[%emt 0:00:55]} 37. a3 {[%emt 0:00:13]} h5 {[%emt 0:00:05]} 38. gxh5 {[%emt 0:02:02]} Rh4 {[%emt 0:00:03]} 39. Bf5 {[%emt 0:00:07]} Be4 {[%emt 0:01:43]} 40. Bg4 {[%emt 0:03:51]} f5 {[%emt 0:00:13]} 41. Bxf5 {[%emt 0:00:04]} Bxf5 {[%emt 0:00:10]} 42. Rxf5 {[%emt 0:00:01]} Rxh3+ {[%emt 0:00:13]} 43. Kc2 {[%emt 0:00:07]} Rh2+ {[%emt 0:00:43]} 44. Kd3 {[%emt 0:00:16]} Rh3+ {[%emt 0:00:03]} 45. Ke4 {[%emt 0:00:25]} Rxb3 {[%emt 0:00:44]} 46. Rxe5 {[%emt 0:08:06]} Rxa3 {[%emt 0:02:06]} 47. Rb5 {[%emt 0:00:02]} Rh3 {[%emt 0:02:41]} 48. Rxa5 {[%emt 0:04:11]} Rh4+ {[%emt 0:00:32]} 49. Kd3 {[%emt 0:00:05]} Kf6 {[%emt 0:01:43]} 50. Rb5 {[%emt 0:00:10]} Ke6 {[%emt 0:00:18]} 51. h6 {[%emt 0:02:25]} Kd6 {[%emt 0:00:44]} 52. Rxb7 {[%emt 0:00:13]} Kc6 {[%emt 0:00:14]} 53. Rh7 {[%emt 0:00:06]} Kc5 {[%emt 0:00:41]} 54. Rh8 {[%emt 0:00:41]} Rh3+ {[%emt 0:00:43]} 55. Ke2 {[%emt 0:00:14]} Kc6 {[%emt 0:00:29]} 56. h7 {[%emt 0:00:22]} Kb7 {[%emt 0:00:11]} 57. c5 {[%emt 0:00:05]} Rh6 {[%emt 0:00:20]} 58. c6+ {[%emt 0:00:19]} 1-0

[Event "1st Gujarat GM Open 2018"]
[Site "Ahmedabad"]
[Date "2018.10.07"]
[Round "3"]
[White "Bakunts, Rafael"]
[Black "Kamdar Udit"]
[Result "1-0"]
[WhiteElo "2427"]
[BlackElo "2103"]
[Annotator "ChessBase"]
[PlyCount "75"]
[EventDate "2018.10.05"]
[EventType "swiss"]
[EventCountry "IND"]
[SourceTitle "playchess.com"]
[Source "ChessBase"]
[SourceQuality "1"]
[TimeControl "5400+30"]

1. e4 {[%emt 0:00:00]} c6 {[%emt 0:01:35]} 2. d4 {[%emt 0:00:27]} d5 {[%emt 0:00:03]} 3. exd5 {[%emt 0:00:17]} cxd5 {[%emt 0:00:02]} 4. c4 {[%emt 0:00:06]} Nf6 {[%emt 0:00:46]} 5. Nc3 {[%emt 0:00:10]} g6 {[%emt 0:01:18]} 6. cxd5 {[%emt 0:06:25]} Bg7 {[%emt 0:03:43]} 7. Qb3 {[%emt 0:01:51]} O-O {[%emt 0:00:53]} 8. Be2 {[%emt 0:00:38]} Nbd7 {[%emt 0:00:36]} 9. Bf3 {[%emt 0:00:58]} Nb6 {[%emt 0:00:45]} 10. Nge2 {[%emt 0:01:22]} Bg4 {[%emt 0:00:40]} 11. Bxg4 {[%emt 0:03:46]} Nxg4 {[%emt 0:01:48]} 12. O-O Nf6 {[%emt 0:13:31]} 13. Bg5 {[%emt 0:13:11]} Nfxd5 {[%emt 0:05:18]} 14. a4 {[%emt 0:00:07]} a5 {[%emt 0:07:37]} 15. Rfd1 {[%emt 0:05:08]} h6 {[%emt 0:24:41]} 16. Bd2 {[%emt 0:05:16]} Qd7 {[%emt 0:13:00]} 17. Nb5 {[%emt 0:02:32]} Rfc8 {[%emt 0:02:11]} 18. Rac1 {[%emt 0:00:33]} e6 {[%emt 0:07:05]} 19. h3 {[%emt 0:04:30]} Bf8 {[%emt 0:01:16]} 20. Rxc8 {[%emt 0:03:44]} Nxc8 {[%emt 0:00:50]} 21. Nec3 {[%emt 0:00:41]} Nf6 {[%emt 0:08:17]} 22. d5 {[%emt 0:17:44]} Nxd5 {[%emt 0:01:36]} 23. Nxd5 {[%emt 0:00:20]} exd5 {[%emt 0:00:45]} 24. Bf4 {[%emt 0:02:22]} Ne7 {[%emt 0:00:58]} 25. Nd6 {[%emt 0:00:58]} Ra6 {[%emt 0:01:40]} 26. Nb5 {[%emt 0:00:02]} Ra8 {[%emt 0:00:00]} 27. Nd6 {[%emt 0:00:58]} Ra6 {[%emt 0:01:00]} 28. Nxb7 {[%emt 0:03:58]} Qf5 {[%emt 0:00:55]} 29. Be3 {[%emt 0:01:58]} Qc8 {[%emt 0:00:59]} 30. Qb5 {[%emt 0:02:22]} Ra8 {[%emt 0:00:29]} 31. Rc1 {[%emt 0:07:00]} Qe6 {[%emt 0:00:32]} 32. Nxa5 {[%emt 0:01:24]} Nf5 {[%emt 0:00:18]} 33. Bb6 {[%emt 0:01:50]} Bd6 {[%emt 0:00:40]} 34. Nc6 {[%emt 0:00:46]} Qe4 {[%emt 0:00:01]} 35. Rd1 {[%emt 0:06:22]} Re8 {[%emt 0:00:49]} 36. Nd4 {[%emt 0:04:11]} Nxd4 {[%emt 0:00:47]} 37. Bxd4 {[%emt 0:00:10]} Qf4 {[%emt 0:00:24]} 38. Qxe8+ {[%emt 0:00:07]} 1-0

[Event "1st Gujarat GM Open 2018"]
[Site "Ahmedabad"]
[Date "2018.10.07"]
[Round "3"]
[White "Sardana, Rishi"]
[Black "Mrudul Dehankar"]
[Result "0-1"]
[WhiteElo "2418"]
[BlackElo "1996"]
[Annotator "TA"]
[PlyCount "80"]
[EventDate "2018.10.05"]
[EventType "swiss"]
[EventCountry "IND"]
[SourceTitle "playchess.com"]
[Source "ChessBase"]
[SourceQuality "1"]

{[%evp 15,80,26,22,25,47,63,62,61,49,47,58,43,46,46,40,49,48,-31,-33,-145,-106,-106,-104,-98,-102,-154,-152,-175,-175,-215,-124,-177,-171,-250,-181,-177,-138,-146,-142,-348,-339,-330,-240,-235,-220,-209,-183,-193,-189,-350,-108,-450,-119,-189,-189,-189,-179,-185,-189,-412,-393,-851,-847,-776,-813,-2368,-2312]} 1. e4 e5 2. Nf3 Nc6 3. Bb5 {[%cal Bf1b5,Bb5a4,Ba4b3][%mdl 32]} a6 4. Ba4 Nf6 5. O-O b5 6. Bb3 Bb7 7. d3 Bc5 8. a4 O-O 9. Nc3 {C78: Ruy Lopez: Archangelsk and Möller Defences} Nd4 (9... Na5 10. Ba2 b4 11. Ne2 d5 12. Nxe5 dxe4 13. d4 Bb6 14. Bg5 b3 15. cxb3 Nc6 16. b4 Nxd4 17. Nxd4 Qxd4 18. Bxf6 Qxd1 19. Raxd1 gxf6 20. Nxf7 Rxf7 {1-0 (40) Anand,V (2779)-Topalov,V (2760) Saint Louis 2016}) 10. Nxd4 exd4 11. Ne2 {White is slightly better.} Re8 12. Bg5 h6 13. Bh4 d5 $146 ({Predecessor:} 13... g5 14. Bg3 d5 15. e5 Ng4 16. Nxd4 Nxh2 17. Kxh2 Bxd4 18. f4 Bxb2 19. Rb1 Bd4 20. Qh5 Re6 21. fxg5 Qf8 22. Rf5 Qg7 23. Rbf1 Rf8 24. Kh1 {½-½ (24) Lindermans,P (1632)-Brikers,A (1752) Palanga 2015}) 14. f3 Bb6 15. a5 Ba7 16. Kh1 (16. Ng3 $14) 16... c5 $1 $36 {[%cal Bc7c5,Bc5c4][%mdl 2080] Black is pushing.} 17. Qd2 ({Better is} 17. Bxf6 $15 Qxf6 18. exd5 (18. Bxd5 Bxd5 19. exd5 Rad8 $15)) 17... c4 18. Bxf6 Qxf6 19. Ba2 Rad8 20. Qe1 (20. Nf4 $142) 20... Bb8 $17 21. Rd1 Qd6 {[%csl Gb8][%cal Rd6h2]} 22. Ng3 {[#]} Qf4 ({Black should try} 22... h5 $1 $19 {[%cal Rh5h4][%mdl 512] White must now prevent ...h4.} 23. Rf2 (23. Nxh5 Qxh2#) 23... h4) 23. Rf2 (23. Qf2 $17) 23... f5 24. b3 (24. Qd2 {keeps fighting.}) 24... c3 ({Much less strong is} 24... fxe4 25. fxe4 Qh4 26. Nf1) 25. b4 Kh8 26. Qg1 fxe4 27. dxe4 $2 (27. fxe4 $17 Qg5 28. e5) 27... dxe4 $19 28. fxe4 Qg4 29. Rd3 Bxe4 30. Nxe4 Qxe4 31. Bf7 Rf8 32. Rdf3 $2 (32. Rff3) 32... Qe7 $2 (32... d3 $19 33. Bg6 Rxf3 34. Bxe4 Rxf2 35. Bxd3 Rxd3 $1 {[%mdl 512]} 36. cxd3 Ba7) 33. Qf1 $2 {[%mdl 8192] [#]} (33. Bg6 $17) 33... Bd6 $2 (33... d3 $1 $19 34. cxd3 Qc7) 34. Qd3 (34. Bg6 $17) 34... Bxb4 35. g3 Bxa5 36. Kg2 Bb6 37. Re2 $2 (37. Bg6 {is a better defense.}) 37... Qb7 38. Qg6 $2 {[#]} (38. Bh5) 38... d3 $1 {Black is clearly winning.} 39. cxd3 Bc5 40. Qh5 Rxd3 {Precision: White = 28%, Black = 66%.} 0-1

[Event "1st Gujarat GM Open 2018"]
[Site "Ahmedabad"]
[Date "2018.10.07"]
[Round "3"]
[White "Thipsay, Praveen M"]
[Black "Prasannaa.s"]
[Result "1-0"]
[WhiteElo "2410"]
[BlackElo "2124"]
[Annotator "ChessBase"]
[PlyCount "113"]
[EventDate "2018.10.05"]
[EventType "swiss"]
[EventCountry "IND"]
[SourceTitle "playchess.com"]
[Source "ChessBase"]
[SourceQuality "1"]
[TimeControl "5400+30"]

1. e4 {[%emt 0:00:00]} e5 {[%emt 0:00:00]} 2. Nf3 {[%emt 0:00:00]} Nc6 {[%emt 0:00:00]} 3. Bb5 {[%emt 0:00:07]} Nge7 {[%emt 0:00:00]} 4. Nc3 {[%emt 0:03:17]} g6 {[%emt 0:01:03]} 5. d4 {[%emt 0:10:49]} exd4 {[%emt 0:00:10]} 6. Nd5 {[%emt 0:00:13]} Bg7 {[%emt 0:00:07]} 7. Bg5 {[%emt 0:01:06]} h6 {[%emt 0:00:14]} 8. Bf6 {[%emt 0:01:09]} Bxf6 {[%emt 0:00:06]} 9. Nxf6+ {[%emt 0:00:15]} Kf8 {[%emt 0:00:03]} 10. Nxd4 {[%emt 0:14:03]} Nf5 {[%emt 0:00:46]} 11. exf5 {[%emt 0:08:55]} Qxf6 {[%emt 0:00:08]} 12. Bxc6 {[%emt 0:00:58]} Qe5+ {[%emt 0:05:52]} 13. Ne2 {[%emt 0:12:33]} bxc6 {[%emt 0:01:48]} 14. O-O {[%emt 0:09:57]} gxf5 {[%emt 0:08:01]} 15. Re1 {[%emt 0:02:20]} Qf6 {[%emt 0:16:39]} 16. Nf4 {[%emt 0:03:13]} d6 {[%emt 0:01:20]} 17. Nh5 {[%emt 0:16:03]} Qg5 {[%emt 0:04:22]} 18. f4 {[%emt 0:04:22]} Qg6 {[%emt 0:03:20]} 19. Re3 {[%emt 0:00:07]} c5 {[%emt 0:02:41]} 20. Rg3 {[%emt 0:01:45]} Qe6 {[%emt 0:00:08]} 21. Qd2 {[%emt 0:00:40]} Bb7 {[%emt 0:02:01]} 22. Qc3 {[%emt 0:00:53]} Ke7 {[%emt 0:00:10]} 23. Re1 {[%emt 0:04:35]} Be4 {[%emt 0:00:05]} 24. Rge3 {[%emt 0:01:23]} d5 {[%emt 0:20:23]} 25. Ng7 {[%emt 0:00:30]} Qf6 {[%emt 0:22:38]} 26. Qxc5+ {[%emt 0:00:09]} Kd7 {[%emt 0:00:01]} 27. Nxf5 {[%emt 0:01:29]} Qb6 {[%emt 0:02:22]} 28. Qe7+ {[%emt 0:00:41]} Kc6 {[%emt 0:00:37]} 29. Kh1 {[%emt 0:00:41]} Rae8 {[%emt 0:02:01]} 30. Qf6+ {[%emt 0:00:18]} Kd7 {[%emt 0:01:20]} 31. Qxf7+ {[%emt 0:00:06]} Kd8 {[%emt 0:00:09]} 32. Ng3 {[%emt 0:01:16]} Rhf8 {[%emt 0:00:28]} 33. Qg7 {[%emt 0:00:11]} Rg8 {[%emt 0:01:50]} 34. Qc3 {[%emt 0:00:06]} Qg6 {[%emt 0:01:29]} 35. Qd2 {[%emt 0:00:11]} Kc8 {[%emt 0:00:05]} 36. c4 {[%emt 0:00:17]} c6 {[%emt 0:01:51]} 37. cxd5 {[%emt 0:00:22]} Bxd5 {[%emt 0:00:03]} 38. Rc1 {[%emt 0:00:17]} Kb8 {[%emt 0:00:34]} 39. Rxe8+ {[%emt 0:01:26]} Rxe8 {[%emt 0:00:08]} 40. b4 {[%emt 0:00:05]} h5 {[%emt 0:00:57]} 41. b5 {[%emt 0:00:56]} h4 {[%emt 0:00:02]} 42. bxc6 {[%emt 0:00:11]} Bxc6 {[%emt 0:00:02]} 43. f5 {[%emt 0:00:06]} Qf6 {[%emt 0:00:15]} 44. Nh5 {[%emt 0:01:26]} Qe5 {[%emt 0:00:17]} 45. h3 {[%emt 0:00:17]} Rc8 {[%emt 0:03:37]} 46. Rf1 {[%emt 0:00:54]} Ka8 {[%emt 0:00:41]} 47. Qg5 {[%emt 0:00:35]} Qd5 {[%emt 0:01:28]} 48. Nf4 {[%emt 0:00:30]} Qxa2 {[%emt 0:00:50]} 49. Qxh4 {[%emt 0:00:05]} a5 {[%emt 0:00:04]} 50. f6 {[%emt 0:00:14]} a4 {[%emt 0:00:06]} 51. Qg5 {[%emt 0:00:53]} Qb3 {[%emt 0:00:14]} 52. Qa5+ {[%emt 0:00:35]} Kb7 {[%emt 0:00:01]} 53. Qf5 {[%emt 0:00:19]} Rd8 {[%emt 0:01:18]} 54. f7 {[%emt 0:00:56]} Bxg2+ {[%emt 0:01:24]} 55. Nxg2 {[%emt 0:00:11]} Rd3 {[%emt 0:00:05]} 56. f8=Q {[%emt 0:00:30]} Rxh3+ {[%emt 0:00:10]} 57. Kg1 {[%emt 0:00:16]} 1-0

[Event "1st Gujarat GM Open 2018"]
[Site "Ahmedabad"]
[Date "2018.10.07"]
[Round "3"]
[White "Fominyh, Alexander"]
[Black "Alan Diviya Raj"]
[Result "1-0"]
[WhiteElo "2405"]
[BlackElo "2127"]
[Annotator "ChessBase"]
[PlyCount "91"]
[EventDate "2018.10.05"]
[EventType "swiss"]
[EventCountry "IND"]
[SourceTitle "playchess.com"]
[Source "ChessBase"]
[SourceQuality "1"]
[TimeControl "5400+30"]

1. Nf3 {[%emt 0:00:00]} d5 {[%emt 0:00:01]} 2. d4 {[%emt 0:00:19]} Nf6 {[%emt 0:00:21]} 3. c4 {[%emt 0:00:07]} e6 {[%emt 0:00:13]} 4. g3 {[%emt 0:00:18]} b6 {[%emt 0:02:11]} 5. Bg2 {[%emt 0:00:47]} Bb7 {[%emt 0:00:38]} 6. cxd5 {[%emt 0:00:08]} exd5 {[%emt 0:01:16]} 7. Nc3 {[%emt 0:01:06]} Bd6 {[%emt 0:03:12]} 8. O-O {[%emt 0:10:18]} c6 {[%emt 0:06:15]} 9. Nh4 {[%emt 0:08:00]} O-O {[%emt 0:15:42]} 10. Nf5 {[%emt 0:00:44]} g6 {[%emt 0:12:40]} 11. Nxd6 {[%emt 0:00:59]} Qxd6 {[%emt 0:00:06]} 12. Bf4 {[%emt 0:01:17]} Qe6 {[%emt 0:00:27]} 13. Qb3 {[%emt 0:16:24]} Nbd7 {[%emt 0:01:38]} 14. Rad1 {[%emt 0:02:16]} Rfe8 {[%emt 0:01:13]} 15. Rfe1 {[%emt 0:00:16]} Nh5 {[%emt 0:07:40]} 16. Bc1 {[%emt 0:01:16]} f5 {[%emt 0:00:43]} 17. f3 {[%emt 0:07:30]} Nhf6 {[%emt 0:12:09]} 18. Bh3 {[%emt 0:05:34]} Re7 {[%emt 0:13:13]} 19. e4 {[%emt 0:06:29]} dxe4 {[%emt 0:11:10]} 20. Qxe6+ {[%emt 0:03:32]} Rxe6 {[%emt 0:00:04]} 21. fxe4 {[%emt 0:00:10]} Rae8 {[%emt 0:00:15]} 22. e5 {[%emt 0:06:01]} c5 {[%emt 0:04:37]} 23. Nb5 {[%emt 0:11:08]} cxd4 {[%emt 0:01:11]} 24. Nc7 {[%emt 0:01:04]} Nxe5 {[%emt 0:00:21]} 25. Nxe8 {[%emt 0:00:47]} Nf3+ {[%emt 0:03:54]} 26. Kf2 {[%emt 0:00:51]} Ne4+ {[%emt 0:00:31]} 27. Kxf3 {[%emt 0:05:54]} Rxe8 {[%emt 0:01:10]} 28. Rxe4 {[%emt 0:01:44]} fxe4+ {[%emt 0:00:12]} 29. Kf2 {[%emt 0:00:33]} Rf8+ {[%emt 0:00:50]} 30. Ke1 {[%emt 0:00:15]} d3 {[%emt 0:00:16]} 31. Be3 {[%emt 0:00:24]} Bd5 {[%emt 0:00:29]} 32. b3 {[%emt 0:00:35]} Rf6 {[%emt 0:00:47]} 33. Rc1 {[%emt 0:00:22]} a5 {[%emt 0:00:30]} 34. Rc8+ {[%emt 0:01:23]} Kf7 {[%emt 0:00:04]} 35. Rc7+ {[%emt 0:00:48]} Ke8 {[%emt 0:00:36]} 36. Kd2 {[%emt 0:01:28]} h6 {[%emt 0:00:46]} 37. Bg2 {[%emt 0:02:51]} b5 {[%emt 0:00:36]} 38. Rc5 {[%emt 0:00:16]} Bc6 {[%emt 0:00:16]} 39. Bxe4 {[%emt 0:00:22]} Bxe4 {[%emt 0:00:37]} 40. Re5+ {[%emt 0:00:07]} Kf7 {[%emt 0:00:07]} 41. Rxe4 {[%emt 0:00:05]} Rf1 {[%emt 0:00:13]} 42. Rf4+ {[%emt 0:00:06]} Rxf4 {[%emt 0:00:06]} 43. Bxf4 {[%emt 0:00:04]} g5 {[%emt 0:00:07]} 44. Bc7 {[%emt 0:00:28]} a4 {[%emt 0:00:10]} 45. Kxd3 {[%emt 0:00:06]} Ke6 {[%emt 0:00:04]} 46. Ke4 1-0

[Event "1st Gujarat GM Open 2018"]
[Site "Ahmedabad"]
[Date "2018.10.07"]
[Round "3"]
[White "Raghunandan, Kaumandur Srihari"]
[Black "Saranya, J."]
[Result "1-0"]
[WhiteElo "2394"]
[BlackElo "2071"]
[Annotator "NA"]
[PlyCount "91"]
[EventDate "2018.10.05"]
[EventType "swiss"]
[EventCountry "IND"]
[SourceTitle "playchess.com"]
[Source "ChessBase"]
[SourceQuality "1"]
[TimeControl "5400+30"]

1. d4 {[%emt 0:00:00]} Nf6 {[%emt 0:00:00]} 2. c4 {[%emt 0:00:00]} g6 {[%emt 0:00:00]} 3. Nc3 {[%emt 0:00:04]} Bg7 {[%emt 0:00:00]} 4. e4 {[%emt 0:00:08]} d6 {[%emt 0:00:00]} 5. h3 {[%emt 0:00:49]} O-O {[%emt 0:00:20]} 6. Be3 {[%emt 0:00:16]} e5 {[%emt 0:00:17]} 7. d5 {[%emt 0:00:24]} a5 {[%emt 0:00:52]} 8. g4 {[%emt 0:01:02]} Na6 {[%emt 0:00:37]} 9. Nge2 {[%emt 0:00:32]} Nc5 {[%emt 0:01:14]} 10. Ng3 {[%emt 0:00:43]} Nfd7 {[%emt 0:07:47]} 11. h4 {[%emt 0:02:16]} c6 {[%emt 0:17:42]} 12. h5 {[%emt 0:13:34]} cxd5 {[%emt 0:02:37]} 13. cxd5 {[%emt 0:01:01]} Nf6 {[%emt 0:06:46]} 14. f3 {[%emt 0:04:37]} Bd7 {[%emt 0:02:17]} 15. Qd2 {[%emt 0:03:59]} Ne8 {[%emt 0:04:32]} 16. Qh2 {[%emt 0:09:48]} g5 {[%emt 0:09:34]} 17. Qd2 {[%emt 0:04:51]} h6 {[%emt 0:02:13]} 18. Bb5 {[%emt 0:01:36]} Bf6 {[%emt 0:14:47]} 19. Bxd7 {[%emt 0:01:46]} Qxd7 {[%emt 0:00:28]} 20. Qe2 {[%emt 0:09:35]} Nc7 {[%emt 0:11:07]} 21. Nf5 {[%emt 0:01:14]} Kh7 {[%emt 0:01:08]} 22. O-O {[%emt 0:02:36]} a4 {[%emt 0:07:08]} 23. Rac1 {[%emt 0:04:20]} b6 {[%emt 0:00:33]} 24. Rfd1 {[%emt 0:06:54]} Rfb8 {[%emt 0:02:18]} 25. Nb1 {[%emt 0:03:17]} Nb5 {[%emt 0:03:53]} 26. Nd2 {[%emt 0:03:35]} Nd4 {[%emt 0:03:41]} 27. Bxd4 {[%emt 0:00:12]} exd4 {[%emt 0:00:02]} 28. Nc4 {[%emt 0:00:15]} Be5 {[%emt 0:00:13]} 29. Nxd4 {[%emt 0:00:28]} Bf4 {[%emt 0:01:28]} 30. Rc2 {[%emt 0:00:56]} b5 {[%emt 0:00:43]} 31. Ne3 {[%emt 0:00:21]} b4 {[%emt 0:00:31]} 32. Nc6 {[%emt 0:01:49]} Rb7 {[%emt 0:00:08]} 33. Rc4 {[%emt 0:01:37]} b3 {[%emt 0:00:57]} 34. a3 {[%emt 0:00:08]} Re8 {[%emt 0:00:26]} 35. Nf5 {[%emt 0:00:57]} Qc7 {[%emt 0:00:36]} 36. Qf2 {[%emt 0:01:08]} Rb5 {[%emt 0:00:27]} 37. Qd4 {[%emt 0:01:04]} Be5 {[%emt 0:00:23]} 38. Nxe5 {[%emt 0:00:25]} dxe5 {[%emt 0:00:44]} 39. Qe3 {[%emt 0:01:07]} Qb6 {[%emt 0:00:23]} 40. Kg2 {[%emt 0:00:50]} Nd7 {[%emt 0:00:27]} 41. Rdc1 {[%emt 0:01:06]} Qd8 {[%emt 0:00:40]} 42. Nd6 {[%emt 0:00:43]} Rb6 {[%emt 0:00:10]} 43. Nxe8 {[%emt 0:01:05]} Qxe8 {[%emt 0:00:02]} 44. Rc7 {[%emt 0:00:40]} Rf6 {[%emt 0:01:00]} 45. Qa7 {[%emt 0:00:48]} Nb6 {[%emt 0:00:13]} 46. R1c6 {[%emt 0:00:58]} 1-0